Ariana Grande "better off" lyrics - Statistics

General Stats
  • This quiz has been taken 386 times
  • The average score is 246 of 328
Answer Stats
Hint Answer % Correct
Verse 1 You
98%
you
98%
you,
98%
I
93%
keep
90%
a
89%
I'm
89%
in
89%
your
89%
me
87%
of
87%
be
86%
to
86%
On
85%
on
85%
better
83%
Or
83%
Intro No
82%
no
82%
one
82%
and
81%
And
81%
know
81%
Know
81%
off
81%
the
81%
we
81%
it
80%
it,
80%
orbit
80%
too
80%
without
80%
being
79%
much
77%
My
77%
my
77%
hard
76%
him
76%
yeah
76%
heart
75%
please
75%
that
75%
That
75%
Just
74%
just
74%
not
74%
than
74%
'em
73%
love
73%
wild
73%
around
72%
body
72%
fall
72%
half
72%
head
72%
I'd
72%
rather
72%
drink,
71%
for
71%
honest
71%
watch
71%
if
70%
importance
70%
never
70%
smoke
70%
when
70%
knees
69%
say
69%
thousand
69%
Give
68%
let
68%
don't
67%
emotional,
67%
them
67%
up
67%
clear
66%
commennts
66%
comments
66%
gettin'
66%
often
66%
roof,
66%
start
66%
did
65%
fuck
65%
Verse 2 Go
65%
go
65%
want
65%
bark
64%
ya
64%
ya,
64%
have
63%
I'll
63%
ready
63%
tree
63%
tell
62%
this
62%
leave
61%
road
61%
any
60%
Well,
60%
will
60%
shoes,
59%
shoes
59%
Let's
58%
listen
58%
over
58%
So
58%
face
57%
headaches
57%
insisting
57%
had
56%
is
56%
lot,
56%
we're
56%
bed
55%
put
55%
Hate
54%
make
54%
topics
54%
all,
52%
come
52%
dismiss
52%
Pre-Chorus Steering
52%
proposition
51%
curse,
50%
feelings
50%
swear
50%
jealous-ridden
49%
offense,
46%
Nah,
42%
uh
21%
No matching quizzes found
Score Distribution
Percent of People with Each Score
Percentile by Number Answered
Your Score History
You have not taken this quiz